| 000 | 01894nam a22001577a 4500 | ||
|---|---|---|---|
| 999 |
_c518162 _d518162 |
||
| 008 | 210828b ||||| |||| 00| 0 eng d | ||
| 100 |
_aSingh, Pushpa _928600 |
||
| 245 | _aCapturing the narratives of sustainable farming: Study of marginal women farmers in five districts of Odisha | ||
| 260 | _aIndian Journal of Public Administration | ||
| 300 | _a 66(4), Dec, 2020: 455-465 | ||
| 520 | _aThis article presents an analysis of field research on sustainable farming practices in five districts of Odisha, that have emerged as a response to the adversities created by modern industrial agriculture and agribusiness market. The capital and chemical-intensive farming have left a legacy of irreparable environmental damage; and the monocultures have led to the gradual disappearance of a variety of indigenous crops, causing erosion of the seed sovereignty.1 The first section of the article engages with the critique of increasing monopolisation of the food and farming systems, secured in a systematic and structured way by the forces of global agribusiness conglomerates. The second section captures the initiatives in which marginal women farmers are trying to revive seed saving and natural farming that had been lost due to the green revolution. These field investigations illuminate the exemplary ways in which such initiatives are empowering women farmers and enabling them to reclaim food security2 and seed sovereignty in the current milieu of agrarian distress. Such grassroots engagements show the possibility of emancipatory politics outside the formal institutional framework that are structuring the alternative discourse rooted in local agroecology.- Reproduced | ||
| 650 |
_aAgroecology, Women farmers, Food security, Seed sovereignty, Sustainable farming _927055 |
||
| 773 | _aIndian Journal of Public Administration | ||
| 906 | _aSUSTAINABLE AGRICULTURE | ||
| 942 | _cAR | ||